Konzentrische Länder um Frankreich herum - Statistiken

Allgemein
  • Dieses Quiz wurde 205 mal gespielt
  • Das Durchschnittsergebnis liegt bei 10 aus 11
Antworten auf der Karte
Die Antworten werden auf der Karte rot bzw. grün angezeigt, abhängig davon wie oft sie richtig erraten wurden.
 
Antwortstatistiken
# Grenzen entfernt Antwort % Korrekt
1 Andorra | Belgien | Brasilien | Deutschland | Italien | Luxemburg | Monaco | Schweiz | Spanien | Suriname
100%
2 Argentinien | Bolivien | Dänemark | Guyana | Kolumbien | Liechtenstein | Marokko | Niederlande | Österreich | Paraguay | Peru | Polen | Portugal | San Marino | Slowenien | Tschechien | Uruguay | Vatikanstadt | Venezuela
100%
3 Algerien | Belarus | Chile | Ecuador | Kroatien | Litauen | Mauretanien | Panama | Russland | Slowakei | Ukraine | Ungarn
99%
4 Aserbaidschan | Bosnien und Herzegowina | China | Costa Rica | Estland | Finnland | Georgien | Kasachstan | Lettland | Libyen | Mali | Moldawien | Mongolei | Montenegro | Niger | Nordkorea | Norwegen | Rumänien | Senegal | Serbien | Tunesien
97%
5 Afghanistan | Ägypten | Albanien | Armenien | Benin | Bhutan | Bulgarien | Burkina Faso | Elfenbeinküste | Gambia | Guinea | Guinea-Bissau | Indien | Iran | Kirgisistan | Kosovo | Laos | Myanmar | Nepal | Nicaragua | Nigeria | Nordmazedonien | Pakistan | Schweden | Südkorea | Sudan | Tadschikistan | Tschad | Türkei | Turkmenistan | Usbekistan | Vietnam
96%
6 Bangladesch | Eritrea | Äthiopien | Ghana | Griechenland | Honduras | Irak | Israel | Kambodscha | Kamerun | Liberia | Sierra Leone | Südsudan | Syrien | Thailand | Togo | Zentralafrikanische Republik
92%
7 Äquatorialguinea | Demokratische Republik Kongo | Dschibuti | El Salvador | Gabun | Guatemala | Jordanien | Kenia | Kuwait | Libanon | Malaysia | Republik Kongo | Saudi-Arabien | Somalia | Uganda
88%
8 Angola | Belize | Brunei | Burundi | Indonesien | Jemen | Katar | Mexiko | Oman | Ruanda | Sambia | Tansania | Vereinigte Arabische Emirate
86%
9 Botswana | Malawi | Mosambik | Namibia | Osttimor | Papua-Neuguinea | Simbabwe | Vereinigte Staaten
81%
10 Eswatini | Kanada | Südafrika
79%
11 Lesotho
66%
Keine übereinstimmenden Quizze gefunden
Verteilung der Resultate
Anzahl Personen mit jedem Resultat
Perzentil nach korrekt beantworteten Fragen
Ihre Resultats-Entwicklung
Sie haben dieses Quiz noch nicht gespielt